Sirāj al-Shīʻah fī ādāb al-Sharīʻah : (Record no. 50752)

MARC details
000 -LEADER
fixed length control field 00841cam a22002291 4500
001 - CONTROL NUMBER
control field ne 68003322
003 - CONTROL NUMBER IDENTIFIER
control field DLC
005 - DATE AND TIME OF LATEST TRANSACTION
control field 20260227111846.0
008 - FIXED-LENGTH DATA ELEMENTS--GENERAL INFORMATION
fixed length control field 830114s1964 ir 000 0 perr
010 ## - LIBRARY OF CONGRESS CONTROL NUMBER
LC control number ne 68003322
035 ## - SYSTEM CONTROL NUMBER
System control number (OCoLC)9130794
040 ## - CATALOGING SOURCE
Original cataloging agency DLC
Transcribing agency WaU
Modifying agency WaU
-- OCoLC
-- DLC
041 1# - LANGUAGE CODE
Language code of text/sound track or separate title per
Language code of original ara
042 ## - AUTHENTICATION CODE
Authentication code premarc
050 00 - LIBRARY OF CONGRESS CALL NUMBER
Classification number BP194.7
Item number .M3516
100 1# - MAIN ENTRY--PERSONAL NAME
Personal name Māmaqānī, ʻAbd Allāh.
245 10 - TITLE STATEMENT
Title Sirāj al-Shīʻah fī ādāb al-Sharīʻah :
Remainder of title rāhnamā-yi aḥkām-i Maz̲hab-i Jaʻfarī va ādāb-i zindagī-i Shīʻīyān /
Statement of responsibility, etc. Taʼlīf al-ʻAllāmah al-Māmaqānī. Tanqīḥ bih nas̲r-i sādah bi-qalam-i Kāẓim Kāẓimaynī.
260 ## - PUBLICATION, DISTRIBUTION, ETC.
Place of publication, distribution, etc. [Tihrān,
Name of publisher, distributor, etc. Chāp-i Mīhan]
Date of publication, distribution, etc. 1343 [1964 or 5]
300 ## - PHYSICAL DESCRIPTION
Extent 399 p.
Dimensions 22 cm.
500 ## - GENERAL NOTE
General note Translation of Mirʼāt al-kamāl.
650 #0 - SUBJECT ADDED ENTRY--TOPICAL TERM
Topical term or geographic name entry element Religious life
General subdivision Shīʻah.

No items available.

Powered by Koha